Datum a čas kvízu
24.5
Celkem bodů
Celkový počet nahraných bodů na tomto kvízu bez doplňovacích otázek.
7.
Pořadí na kvízu
Konečné umístění týmu na tomto kvízu.
Zaznamenané odpovědi
| # | Otázka | Odpověď | Body | Výsledky |
|---|---|---|---|---|
| 1. | Poslední únorový den oslavila... | 100. narozeniny | 0 | |
| 2. | Pouze pět států na středečním... | Severní Korea (KLDR) | 1 | |
| 3. | Kolik sošek Českého lva získal... | osm ocenění (sedm či devět za půl bodu) | 0.5 | |
| 4. | Jak se jmenuje muž na fotograf... | Tomáš Čupr | 0 | |
| 5. | Reprezentace jedné země poslal... | Argentina | 1 | |
| 6. | Detektiv Sherlock Holmes z per... | D | 1 | |
| 7. | Belgický spisovatel Georges Si... | Jules Maigret [žyl megré] | 1 | |
| 8. | J. K. Rowlingová píše detektiv... | B) má amputovanou nohu | 1 | |
| 9. | Přiřaďte následující spisovate... | 1C 2D 3B 4A | 0 | |
| 10. | Seriál Devadesátky se setkal s... | C) Ivan Pauřík | 0 |